Superhéros Marvel par couleur par images - Statistiques

Statistiques générales
  • Ce quiz a été pris 112 fois
  • Le résultat moyen est 9 sur 11
Statistiques - réponses
Par images Hint Réponse % Correct
Rouge Spider-Man
100%
Vert Hulk
99%
Bleu Captain America
98%
Marron Groot
94%
Jaune Wolverine
92%
Gris Surfeur d'argent
78%
Orange La Chose
75%
Violet Hawkeye
70%
Blanc Moon Knight
55%
Noir Blade
48%
Rose Gambit
43%
Aucun quiz correspondant
Distribution des résultats
% des personnes avec chaque résultat
Percentile par nombre de réponses
Votre historique - résultats
Vous n’avez pas pris ce quiz